MDQL
is popping MORE tags! Check the
thread
!
Quizzes
Events
Quiz Creation
Community
Videos
Private Events
Remove Ads
Sign In
Join for FREE
Feedback
Dark Mode
Quiz Categories
Sports
Geography
Music
Movies
Television
Just For Fun
Miscellaneous
History
Literature
Language
Science
Gaming
Entertainment
Religion
Holiday
For Kids
Quiz Lab
Recent
Popular Today
Quiz Kudos Today
Editor Picks
Curator Picks
Quizzes by...
Day
Popularity
Type
Ratings
Length
Year
Community
Subscriptions
Recent Discussions
Orange Saloon
Badges
Playlists
Quests
Create
Leaderboards
Showdown
Live 5
Trivia Bingo
Activity
Puzzle Library
Sporcle Events
Private Events
Virtual Trivia
Globe League
Become a Host
Pub Owners
SporcleCon
Opinionation
Our Games
Videos
Blog
Mobile Apps
Partnerships
Remove Ads and Go Orange
Feedback
Movies
Disney
Marvel Cinematic Universe
Movie Resume
Movie Titles
Oscar
Actor
Actress
Director
Pixar
Role
Movie Quotes
Movie Characters
Box Office
Nominee
Best Picture
Star Wars
James Bond
Horror Movies
Movies
Disney
Marvel Cinematic Universe
Movie Resume
Movie Titles
Oscar
Actor
Actress
Director
Pixar
Role
Movie Quotes
Movie Characters
Box Office
Nominee
Best Picture
Star Wars
James Bond
Horror Movies
Random Quiz
Search Sporcle
×
Quiz Lab
Quiz Lab
Movies
speech
Type in answers that appear in a list
Type in answers that appear in a list
Classic
Best Score? Go Orange.
Love Actually Speech Stats
Can you name the words of Hugh Grant's opening speech in Love Actually?
By
meemzeesh
10m
124 Questions
3,326 Plays
3,326 Plays
3,326 Plays
Comments
Comments
Give Quiz Kudos
Give Quiz Kudos
-
- Ratings
hide this ad
Replay
Link that replays current quiz
Next Quiz
Link to next quiz in quiz playlist
You Got
0%
They Got
Avg Score
66%
Avg Friend Score
Upgrade to see
Score Distribution
Jump to the score distribution portion of the page
Score
0/124
Timer
10:00
0
Plays Today
% Correct
the
98.6%
the
98.6%
the
98.6%
a
98.6%
and
98.6%
and
98.6%
and
98.6%
and
98.6%
the
98.6%
the
98.6%
the
98.6%
the
98.6%
a
98.6%
love
95.6%
love.
95.6%
love
95.6%
is
91.5%
is
91.5%
all
90.2%
all
90.2%
I
88.8%
I
88.8%
I
88.8%
I
88.8%
actually
88%
around.
87.4%
When
85.7%
of
84.6%
of
84.6%
of
84.6%
of
84.6%
of
84.6%
we
81.9%
Airport.
81.4%
to
81.1%
to
81.1%
at
80.7%
Heathrow
78.9%
me
77.6%
think
76.6%
that
75%
that.
75%
% Correct
that
75%
that
75%
world,
73.7%
world
73.7%
arrivals
72.7%
you
71.2%
hate
70.4%
about
70.2%
in
70.2%
gate
69.4%
were
68.7%
were
68.7%
Towers,
67.8%
Twin
67.6%
on
65.9%
It
65.4%
it,
65.4%
people
65.1%
see
64.7%
messages
64.4%
messages
64.4%
they
64.1%
planes
63.3%
hit
62.2%
Whenever
61.8%
friends.
61.6%
If
60.4%
state
60.3%
look
60.1%
get
58.5%
but
58.2%
but
58.2%
know
57.8%
not
57.3%
calls
57%
as
56.9%
as
56.9%
mothers
56.9%
or
56.7%
or
56.7%
daughters,
55.9%
fathers
55.5%
% Correct
sons,
54.8%
don't
54.4%
none
53.9%
old
53.7%
from
53.5%
phone
53.2%
there-
53.1%
live
53%
for
52.9%
husbands
50.9%
wives,
50.8%
find
50.8%
seems
50.3%
girlfriends,
50.2%
boyfriends,
50.1%
far
49.3%
with
49%
board
48%
everywhere.
47.2%
gloomy
46.7%
it's
45.6%
it's
45.6%
you'll
45%
feeling
42%
hatred
41.2%
always
41.1%
greed,
39.7%
revenge-
38%
got
35.5%
i've
35.4%
out
34.5%
sneaky
33.8%
dignified
32.6%
newsworthy,
31.9%
Often
31%
particularly
30.9%
opinion's
30.4%
make
30.2%
General
29.7%
starting
23%
Quiz Playlist
Details
Report
Send in Message
Add To Playlist
Classic:
Type in answers that appear in a list
Last Updated: Feb 16, 2017
Quiz Scoreboard
CHALLENGE
Sign Up to Join the Scoreboard
Show All
Scores
Hide
Comments
May contain spoilers
Recently Published
1-10 Letter E Words III
by El_Dandy
Language
2m
Street Fighter Characters
by Artimus82
Gaming
60s
College Basketball Coaching Resumes
by pancakes188
Sports
9m
More to Explore
Quiz From the Vault
Featured Blog Post
Where Did the Easter Bunny Come From?
hide this ad
You Might Also Like...
Tags
Hugh Grant
Love
Love Actually
monologue
speech
Today's Top Quizzes in Movies
Browse Movies
hide this ad
Today's Top Quizzes in speech
Browse speech
Top Contributed Quizzes in Movies
1
Pick 5 Posters: Directed by Spielberg
2
7-to-1: Pixar Characters
3
Hidden Star Wars Character II
4
Pick 5 Posters: Lowest-Rated Spielberg
5
Hidden Star Wars Character III
6
Sorting Actors
7
Sorting Actresses
8
Hidden Star Wars Character IV
9
Pick 5 Posters: Directed by Scorsese
10
Hidden Star Wars Character V
Explore More
Trending Topics
Kpop
Harry Potter
Anime
Disney
NBA
Crossword
Marvel
Song
WWE
Soccer
NFL
Pokémon
Country
The Office
Puzzle
hide this ad
More By:
meemzeesh
Quiz
Plays
Rating
Category
Featured
Created
Love Actually Speech
3,326
4.55
Movies
Nov 23, 2010
The Ultimate Disney/Pixar Villain Quiz
664
4.57
Movies
Jun 17, 2014
Order of the Phoenix: Afterwards
178
3.67
Literature
Jun 17, 2014
Monty Python Philosopher Song Lyrics
157
4.75
Television
May 2, 2014
Go to Creator's Profile
Score Distribution
Quiz Creator Spotlight
meemzeesh
Follow
Send a Message
Quizzes Created
-
Created Quiz Play Count
-
More By This Creator
Popular Quizzes Today
1
Find the US States - No Outlines Minefield
2
Find the Countries of Europe - No Outlines Minefield
3
The Countries of the World
4
Find the US States
5
Risky Map Clicking: Biggest States A-Z
6
US States
7
Popular People in 1961
8
Movies - When Are They Set?
More Movies Quizzes
Best Ten World War I Movies
Editor's Pick
Trending Quizzes
Risky Map Clicking: Least Populous States A-Z
Billboard Blitz: Aretha Franklin
Famous Russians: Author or Composer?
1-10 Letter G Words
Countries of the World: 200 Million BC
Recently Updated
Leaping Animals
pecheneg
Reality TV Shows (A-Z)
bhenderson79
Rickey Henderson's Hall of Fame Teammates
pecheneg
Champions League XIs: Arsenal
pecheneg
Quick Pick: Celebrities in WWE's Hall of Fame
aduchscher
A-Z Keypad Blitz II
pecheneg
Multiple Oscar Actors
pecheneg
Mystery Phrase Blitz: Oscar 'Best Actors'
pecheneg
F. Scott Fitzgerald Novels
LTH
Pick 3 Villains
ddd62291
Trending Topics
Disney
Crossword
Marvel
NBA
Kpop
Harry Potter
Anime
Song
Puzzle
Soccer
NFL
Pokémon
Country
WWE
The Office
Your Account Isn't Verified!
In order to create a playlist on Sporcle, you need to verify the email address you used during registration. Go to your
Sporcle Settings
to finish the process.
Report this User
Report this user for behavior that violates our
Community Guidelines
.
Details:
Send Report
Go to the Sporcle.com Mobile Site →
Comments